000 00947nam a2200217Ia 4500
003 GCL
008 140319s9999 xx 000 0 ara d
040 _aGCL /
_cGCL
082 0 4 _aم
_b414
_bع ك
100 1 _aالعسكرى : ابوهلال الحسن بن عبدالله بن سهل بن سعيد بن يحيى بن مروان
245 1 0 _aكتاب الصناعتين الكتابة والشعر /
_cالعسكرى : ابوهلال الحسن بن عبدالله بن سهل بن سعيد بن يحيى بن مروان
700 1 _aمفيد محمد قميحة
260 _a[S.N] :
_bدار الكتب العلمية للنشر والتوزيع ،
_c1984
300 _a528 ص
490 _aدراسة فى ازمة الخليج
_v0
650 0 4 _aاللغة العربية
650 0 4 _aالبلاغة العربية
650 0 4 _aالمعانى العربية
650 0 4 _aعلم الدلالة العربية
942 _2ddc
_cREF
999 _c59519
_d59519